Eastern Utah Libraries Catalog: Duchesne, Heber, Roosevelt, & Vernal

Desert queen / (Record no. 394633)

MARC details
000 -LEADER
fixed length control field 02666cam a2200469 i 4500
001 - CONTROL NUMBER
control field 1404837355
005 - DATE AND TIME OF LATEST TRANSACTION
control field 20240321185056.0
008 - FIXED-LENGTH DATA ELEMENTS--GENERAL INFORMATION
fixed length control field 231019t20232023njua b 000 0beng d
010 ## - LIBRARY OF CONGRESS CONTROL NUMBER
LC control number 2023931660
020 ## - INTERNATIONAL STANDARD BOOK NUMBER
International Standard Book Number 9781646142620
Qualifying information (hardcover) :
Terms of availability $18.99
020 ## - INTERNATIONAL STANDARD BOOK NUMBER
International Standard Book Number 1646142624
Qualifying information (hardcover)
035 ## - SYSTEM CONTROL NUMBER
System control number (OCoLC)1404837355
Canceled/invalid control number (OCoLC)1370003008
035 ## - SYSTEM CONTROL NUMBER
System control number (OCoLC)1404837355
035 ## - SYSTEM CONTROL NUMBER
System control number (OCoLC)on1404837355
037 ## - SOURCE OF ACQUISITION
Source of stock number/acquisition Chronicle Books Llc, C/O Hachette Book Group USA 53 State st 9th Fl, Boston, MA, USA, 02109
Note SAN 200-2205
040 ## - CATALOGING SOURCE
Original cataloging agency SXP
Language of cataloging eng
Description conventions rda
Transcribing agency SXP
Modifying agency IUO
-- JCX
-- RB0
-- SO$
-- YDX
-- BDX
-- TOH
-- JAS
-- JED
-- NYP
-- CDX
-- OCLCF
-- BKL
-- OCLCO
-- CWJ
-- TKN
-- UJA
-- GZN
-- IUK
-- DVP
043 ## - GEOGRAPHIC AREA CODE
Geographic area code a-ii---
092 ## - LOCALLY ASSIGNED DEWEY CALL NUMBER (OCLC)
Classification number children nonfiction
100 1# - MAIN ENTRY--PERSONAL NAME
Personal name Gopal, Jyoti Rajan,
Relator term author.
9 (RLIN) 6481286
245 10 - TITLE STATEMENT
Title Desert queen /
Statement of responsibility, etc Jyoti Rajan Gopal & Svabhu Kohli.
264 #1 - Production, Publication, Distribution, Manufacture, and Copyright Notice.
Place of production, publication, distribution, manufacture Montclair [New Jersey] :
Name of producer, publisher, distributor, manufacturer Levine Querido,
Date of production, publication, distribution, manufacture, or copyr 2023.
264 #4 - Production, Publication, Distribution, Manufacture, and Copyright Notice.
Date of production, publication, distribution, manufacture, or copyr ©2023.
300 ## - PHYSICAL DESCRIPTION
Extent 1 volume (unpaged) :
Other physical details color illustrations ;
Dimensions 29 cm.
336 ## - Content Type
Content type term text
336 ## - Content Type
Content type term still image
337 ## - Media type
Media type term unmediated
338 ## - Carrier type
Carrier type term volume
500 ## - GENERAL NOTE
General note "This is an Arthur A. Levine book"--Leaf preceding title page.
520 ## - SUMMARY, ETC.
Summary, etc "This picture book biography in verse follows the life of beloved Rajasthani drag performer Queen Harish, known as the Whirling Desert Queen of Rajasthan. Lit by an inner fire and propelled by a family tragedy, Harish defied the gender conventions of middle class Indian life, battled discrimination and intimidation, and eventually grew up to dance with Bollywood movie stars and on stages across the world. Jyoti Gopal's rhythmic phrases evoke the particular sounds and beats of the music Harish danced to, and capture the passions and conflicts of his life. The poignant and inspiring tale is interpreted by internationally acclaimed Rajasthani artist Svabhu Kohli in kohl-black lines and shapes and brilliant jewel-like colors"--
521 ## - TARGET AUDIENCE NOTE
Target audience note Ages 4-9.
Source CLCD.
586 ## - AWARDS NOTE
Awards note Stonewall Children Honor Book Award, 2024.
600 10 - SUBJECT ADDED ENTRY--PERSONAL NAME
Personal name Kumar, Harish,
Dates associated with a name 1979-2019
Form subdivision Juvenile literature.
9 (RLIN) 6484123
650 #0 - SUBJECT ADDED ENTRY--TOPICAL TERM
Topical term or geographic name as entry element Drag queens
Form subdivision Biography
-- Juvenile literature.
9 (RLIN) 6484124
650 #0 - SUBJECT ADDED ENTRY--TOPICAL TERM
Topical term or geographic name as entry element Gender expression
Form subdivision Juvenile literature.
9 (RLIN) 6428326
650 #0 - SUBJECT ADDED ENTRY--TOPICAL TERM
Topical term or geographic name as entry element Folk dancing, Indic
Form subdivision Juvenile literature.
9 (RLIN) 6484125
650 #0 - SUBJECT ADDED ENTRY--TOPICAL TERM
Topical term or geographic name as entry element Stonewall Book Award.
9 (RLIN) 6448030
651 #0 - SUBJECT ADDED ENTRY--GEOGRAPHIC NAME
Geographic name Thar Desert (India and Pakistan)
Form subdivision Juvenile literature.
9 (RLIN) 6484126
655 #7 - INDEX TERM--GENRE/FORM
Genre/form data or focus term Biographies.
Source of term lcgft.
9 (RLIN) 5691024
655 #7 - INDEX TERM--GENRE/FORM
Genre/form data or focus term Picture books.
Source of term lcgft.
700 1# - ADDED ENTRY--PERSONAL NAME
Personal name Kohli, Svabhu,
Dates associated with a name 1990-
Relator term illustrator.
9 (RLIN) 6402235
942 ## - ADDED ENTRY ELEMENTS (KOHA)
Source of classification or shelving scheme Dewey Decimal Classification
Koha item type BOOK
Holdings
Withdrawn status Lost status Source of classification or shelving scheme Damaged status Not for loan Collection code Home library Current library Shelving location Date acquired Source of acquisition Total Checkouts Total Renewals Full call number Barcode Date last seen Date checked out Cost, replacement price Price effective from Koha item type
    Dewey Decimal Classification     Children NonFiction Wasatch County Library Wasatch County Library Main Floor Childrens Area 03/21/2024 Amazon 2 2 E Biography Gopal 34301002069815 09/22/2025 09/19/2025 18.99 03/21/2024 BOOK
This project was made possible through a grant from the Institute of Museum and Library Service administered by the Utah State Library Division.

Wasatch County Library

  • 465 East 1200 South, Heber City, Utah 84032
  • Phone 435-654-1511 | Fax 435-654-6456

Hours

  • Monday - Friday 9:30 AM - 8:00 PM
  • Saturday 9:30 AM - 1:30 PM
  • Closed Sundays and Holidays